| 000 | 00653nam a22002057a 4500 | ||
|---|---|---|---|
| 005 | 20260317163330.0 | ||
| 008 | 260317b |||||||| |||| 00| 0 eng d | ||
| 020 | _a8170367085 | ||
| 037 | _cTextbook | ||
| 040 |
_aRTL _cRTL |
||
| 041 |
_2eng _aeng |
||
| 084 |
_aX9(F118).213.N9 N8/TD _qRTL |
||
| 100 |
_aNair, Janaki _91132305 |
||
| 245 | _aMiners and millhands: work, culture and politics in pincely Mysore | ||
| 260 |
_aNew Delhi _bSage India _c1998 |
||
| 300 |
_a324 p. _bincludes bibliographical references and index |
||
| 650 | _2Mining labour | ||
| 942 |
_2CC _cTB _hX9(F118).213.N9,N8/TD _n0 |
||
| 999 |
_c1715607 _d1715607 |
||